Statistiche per 20 città più grandi dell'Oceania

Clicka qui per fare il quiz!

Statistiche generali

  • Questo quiz è stato fatto 42 volte
  • Il punteggio medio è 7 su 20

Statistiche sulle risposte

PaesiPopolazioneCittà% Corretto
Australia5,2 milioniSidney
95%
Australia4,9 milioniMelbourne
87%
Nuova Zelanda1,6 milioniAuckland
66%
Australia2 milioniPerth
58%
Nuova Zelanda212 milleWellington
55%
Australia2,3 milioniBrisbane
53%
Australia395 milleCanberra
50%
Australia1,3 milioniAdelaide
42%
Stati Uniti342 milleHonolulu
42%
Figi85 milleSuva
32%
Nuova Zelanda381 milleChristchurch
26%
Nuova Caledonia (Francia)99 milleNoumea
18%
Australia206 milleHobart
16%
Australia540 milleCosta d"Oro
13%
Papua Nuova Guinea364 millePorto Moresby
8%
Australia253 milleGeelong
5%
Australia350 milleCosta del sole
3%
Australia322 milleNewcastle
3%
Australia178 milleTownsville
3%
Australia295 milleWollongong
3%

Distribuzione punteggi

Percentile per numero di risposta

Percentuale di utenti per punteggio

I tuoi punteggi nel tempo

Non hai fatto questo quiz